LDR 00699naa#a2200181#i#450# 001 EN\\bibl\126714 005 20260630044414.2 011 ## _a2223-9987 100 ## _a20260629b2026####ek#y0engy0150####ca 102 ## _aRU 200 1# _aTransformation of Value Attitudes in the Russian Audit Market: Current State and Development Prospects _eJournal article 210 1# _aSaint-Petersburg _cFSBEI HE "Emperor Alexander I St. Petersburg State Transport University" _d2026 215 ## _a11 с. 608 ## _aJournal article _2local 675 ## _aПроверка отчетности. Аудит. Ревизия. 657.6 _z 700 #1 _aSacuk _gTat'yana Pavlovna 700 #1 _aAfanas'eva _gAnastasiya Yur'evna 856 4# _aatjournal.ru _u